Landmark in Every Country - Oceania - Statistics

General Stats
  • This quiz has been taken 27 times
  • The average score is 8 of 14
Answers on the Map
Answers color-coded by a green-red scale on the quiz's map according to % correct below.
 
Answer Stats
Answer % Correct
Sydney Opera House
95%
Tuvalu Sports Ground
76%
Jellyfish Lake
67%
Kiribati Parliament Building
67%
Royal Palace of Tonga
67%
Sri Siva Subramaniya Temple
67%
Bikini Atoll
62%
Guadalcanal Memorial
62%
Sky Tower
62%
Nan Madol
57%
Varirata National Park
43%
Anibare Bay
38%
Immaculate Conception Cathedral
38%
Mount Yasur
29%
No matching quizzes found
Score Distribution
Percent of People with Each Score
Percentile by Number Answered
Your Score History
You have not taken this quiz